000 00783nam a22002417a 4500
999 _c9191
_d9191
003 AR-CdUCM
008 190327b ||||| |||| 00| 0 spa d
040 _aMUNICIPALIDAD PROVINCIAL DEL CUSCO
_cBIBLIOTECA MUNICIPAL DEL CUSCO
082 _a869.56 /
_bH43
100 _aHernández, José Alfredo
_96245
245 _aCódice de amor /
260 _aBuenos Aires
_bM.F,
_c1946.
300 _a46 páginas ;
_bIlustraciones,
_c26 cm.
500 _aCon dedicatoria a Luis Nieto -- Donación de la familia Nieto
505 _aContenido : Poesía
650 _aPoesía
_9444
650 _aLiteratura
_9416
650 _aBuenos Aires
_925247
700 _aFrancisco de Santo (Grabados)
_925248
700 _aOrlando Pierri (Dibujo)
_925249
942 _2ddc
_cLIBROS
945 _admma